|
|
|
|
| LEADER |
00959aam a22002658a 4500 |
| 001 |
00040689 |
| 005 |
20180104150154.0 |
| 008 |
120328s2007 ||||||viesd |
| 020 |
# |
# |
|c 110000
|a 978 604 59 2878 3
|
| 041 |
0 |
# |
|a vie
|
| 082 |
1 |
4 |
|a 332.024
|b K304T
|
| 100 |
1 |
# |
|a Hansen ,Mark Victor
|
| 245 |
1 |
0 |
|a Kiếm tiền siêu tốc
|c Mark Victor Hansen; Robert G. Allen; Đặng Hoài Nam
|b Giúp bạn tăng thu nhập một cách nhanh nhất
|
| 250 |
# |
# |
|a Tái bản lần thứ 2
|
| 260 |
# |
# |
|b Lao động - Xã hội
|c 2014
|a Hà Nội
|
| 300 |
# |
# |
|a 395 tr.
|b minh họa
|c 23cm.
|
| 653 |
# |
# |
|a Bí quyết thành công
|
| 653 |
# |
# |
|a Làm Giàu
|
| 653 |
# |
# |
|a Tài chính
|
| 700 |
1 |
# |
|a Mark Victor Hansen
|
| 700 |
1 |
# |
|a Robert G. Allen
|
| 700 |
1 |
# |
|a Đặng Hoài Nam
|e dịch
|
| 852 |
# |
# |
|j KD.0022890
|
| 910 |
|
|
|d 04/01/2018
|
| 980 |
# |
# |
|a Trung tâm Học liệu Lê Vũ Hùng, Trường Đại học Đồng Tháp
|